00448nam a2200169Ia 4500003000400000005001700004008004100021040001000062082001400072100001700086245001100103260001800114600001500132942001200147952010200159999001700261OSt20260520154447.0241002s9999 xx 000 0 und d cAACR2 a808.3 HAM aHamsun, Knut 0aHunger aLondon:c1949 aLiterature cUC2ddc 00102ddc4070aUITUbUITUd1994-01-01l0o808.3 HAMpUC559r2024-10-02 09:31:23w2024-10-02yUC c18886d18886